|
|
|
|
| LEADER |
00000nam a2200000Ii 4500 |
| 001 |
DIGEDUV0226 |
| 003 |
NyNyDIG |
| 006 |
m o d |
| 007 |
cr ||||||||||| |
| 008 |
240902s2021 ag a ob 000 0 spa d |
| 035 |
|
|
|a (OCoLC)1454785381
|
| 040 |
|
|
|a DGITA
|b eng
|e rda
|e pn
|c DGITA
|
| 020 |
|
|
|a 9789876996624
|q eBook
|
| 020 |
|
|
|z 9789876996525
|
| 043 |
|
|
|a s-ag---
|
| 050 |
1 |
4 |
|a HV9585.C67 ebook
|
| 100 |
1 |
|
|a Reati, Fernando O.,
|d 1954-
|e author.
|
| 245 |
1 |
0 |
|a Filosofía de la incomunicación :
|b las cartas clandestinas de la Unidad Penitenciaria 1 durante la dictadura (Córdoba, 1976-1979) /
|c Fernando Reati y Paula Simón.
|
| 264 |
|
1 |
|a Villa María, Córdoba, Argentina :
|b Eduvim,
|c [2021]
|
| 300 |
|
|
|a 1 online resource :
|b illustrations.
|
| 336 |
|
|
|a text
|b txt
|2 rdacontent
|
| 337 |
|
|
|a computer
|b c
|2 rdamedia
|
| 338 |
|
|
|a online resource
|b cr
|2 rdacarrier
|
| 347 |
|
|
|a text file
|2 rdaft
|
| 347 |
|
|
|b EPUB
|
| 490 |
1 |
|
|a Colección Poliedros
|
| 504 |
|
|
|a Includes bibliographical references.
|
| 588 |
0 |
|
|a Online resource; title from ePub title page (Digitalia, viewed September 2, 2024)
|
| 650 |
|
0 |
|a Political prisoners
|z Argentina
|z Córdoba
|x Correspondence.
|
| 650 |
|
0 |
|a Political prisoners
|z Argentina
|z Córdoba
|v Correspondence.
|
| 650 |
|
0 |
|a Prisoners' writings, Argentine
|x Censorship
|z Argentina
|z Córdoba.
|
| 650 |
|
0 |
|a Political prisoners
|x Abuse of
|z Argentina
|z Córdoba.
|
| 610 |
2 |
0 |
|a Unidad Penitenciaria 1 (Córdoba, Argentina)
|
| 651 |
|
0 |
|a Argentina
|x History
|y Dirty War, 1976-1983.
|
| 700 |
1 |
|
|a Simón, Paula,
|d 1983-
|e author.
|
| 791 |
2 |
|
|a Digitalia (Firm),
|e distributor.
|
| 793 |
0 |
|
|g Digitalia eBook Collection:
|a Ediciones Eduvim
|
| 776 |
0 |
8 |
|i Print version:
|a Reati, Fernando O., 1954-
|t Filosofía de la incomunicación.
|d Villa María, Córdoba, Argentina : Eduvim, [2021]
|z 9789876996525
|
| 830 |
|
0 |
|a Colección Poliedros.
|
| 856 |
4 |
0 |
|3 Digitalia Hispánica
|u https://www.digitaliapublishing.com/a/158218/
|
| 910 |
|
|
|a Premium collection: 2024
|